000 00238nam a22001097a 4500
040 _cHS
082 _a630
100 _aNA
245 _aGrain science and processing kyoko saio JICA senior volunteer
260 _aRUA
_bNA
_c2004
942 _cEK
999 _c8548
_d8548